Effectiveness Information Communication Technology Systems and Its Impact on Organizational Performance: Case of the Evangelical Lutheran Church in Namibia

Saved in:  
Bibliographic Details
Authors: Hainane, Wilhelm (Author) ; Shihomeka, Sadrag Panduleni (Author)
Format: Print Article
Language:English
Check availability: HBZ Gateway
Interlibrary Loan:Interlibrary Loan for the Fachinformationsdienste (Specialized Information Services in Germany)
Published: 2023
In: The role of faith and religious diversity in educational practices
Year: 2023, Pages: 90-119

MARC

LEADER 00000naa a22000002c 4500
001 1933825693
003 DE-627
005 20250822032931.0
007 tu
008 250822s2023 xx ||||| 00| ||eng c
020 |a 9781668491881 
035 |a (DE-627)1933825693 
035 |a (DE-599)KXP1933825693 
040 |a DE-627  |b ger  |c DE-627  |e rda 
041 |a eng 
084 |a 0  |2 ssgn 
100 1 |a Hainane, Wilhelm  |e VerfasserIn  |4 aut 
245 1 0 |a Effectiveness Information Communication Technology Systems and Its Impact on Organizational Performance  |b Case of the Evangelical Lutheran Church in Namibia 
264 1 |c 2023 
336 |a Text  |b txt  |2 rdacontent 
337 |a ohne Hilfsmittel zu benutzen  |b n  |2 rdamedia 
338 |a Band  |b nc  |2 rdacarrier 
601 |a communicare 
601 |a Lutheraner 
601 |a Technologie 
601 |a Performance 
601 |a Evangeliar 
601 |a Namibia 
700 1 |a Shihomeka, Sadrag Panduleni  |e VerfasserIn  |4 aut 
773 0 8 |i Enthalten in  |t The role of faith and religious diversity in educational practices  |d Hershey, PA, USA : IGI Global, 2023  |g (2023), Seite 90-119  |h xviii, 268 Seiten  |w (DE-627)1852989602  |z 9781668491843  |z 9781668491881  |7 nnam 
773 1 8 |g year:2023  |g pages:90-119 
935 |a mteo 
951 |a AR 
ELC |b 1 
ITA |a 1  |t 1 
LOK |0 000 xxxxxcx a22 zn 4500 
LOK |0 001 4760485023 
LOK |0 003 DE-627 
LOK |0 004 1933825693 
LOK |0 005 20250822032931 
LOK |0 008 250822||||||||||||||||ger||||||| 
LOK |0 035   |a (DE-Tue135)1852989602_2023_90 
LOK |0 040   |a DE-Tue135  |c DE-627  |d DE-Tue135 
LOK |0 092   |o n 
LOK |0 852   |a DE-Tue135 
LOK |0 852 1  |9 00 
LOK |0 935   |a imwa  |a ixau  |a rwrk 
LOK |0 939   |a 22-08-25  |b l01 
ORI |a SA-MARC-ixtheoa001.raw 
REL |a 1 
SUB |a REL